000 00889 am a2200265 a 4500
005 20240628093530.0
008 100914s1998||||ag d f |||| 001 0 spa d
020 _a9879722701
041 _aspa
092 _c614.4
_l49
_sLOP
100 1 _aLópez, Eduardo L.
_9369
245 _aVacunas en la práctica pediátrica /
_cEduardo L. López.
250 _a2a ed.
260 _aBuenos Aires:
_bInstituto Mérieux Argentina;
_c1998.
300 _a483 p.
500 _aLópez, E. L. (1998). Vacunas en la práctica pediátrica. (2a ed.). Buenos Aires : Instituto Merieux Argentina.
653 _aVacunas antibacterianas
653 _aVacunas antivirales
653 _aInmunización activa en pacientes inmunosuprimidos
653 _aInmunización de adolescentes
653 _aVacunas y orientaciones para viajeros
653 _aCadena de frio
930 _a513
942 _2ddc
_cBK
999 _c725
_d725